[Event "Women's Baku Chess Olympiad"]
[Site "chess24.com"]
[Date "2016.09.10"]
[Round "8"]
[White "Arakhamia-Grant, Ketevan"]
[Black "Nazarova, Anastasia"]
[Result "1-0"]
[Board "1"]
[WhiteID "13600168"]
[WhiteElo "2381"]
[WhiteTitle "GM"]
[WhiteCountry "SCO"]
[WhiteFideId "13600168"]
[WhiteEloChange "2"]
[BlackID "34101737"]
[BlackElo "1897"]
[BlackTitle "WCM"]
[BlackCountry "FIN"]
[BlackFideId "34101737"]
[BlackEloChange "-2"]

1. e4 {[%clk 1:30:58]} c5 {[%clk 1:30:55]} 2. b3 {[%clk 1:31:15]} Nc6 {[%clk
1:28:03]} 3. Bb2 {[%clk 1:31:28]} d6 {[%clk 1:23:35]} 4. Bb5 {[%clk 1:29:54]} e5
{[%clk 1:18:29]} 5. f4 {[%clk 1:28:04]} exf4 {[%clk 1:16:11]} 6. Nf3 {[%clk
1:27:42]} Bd7 {[%clk 1:12:22]} 7. O-O {[%clk 1:26:16]} Nf6 {[%clk 1:08:50]} 8.
Nc3 {[%clk 1:23:37]} Be7 {[%clk 1:03:41]} 9. Nd5 {[%clk 1:08:23]} O-O {[%clk
0:57:24]} 10. Nxf4 {[%clk 0:52:56]} Nxe4 {[%clk 0:46:46]} 11. Qe2 {[%clk
0:45:58]} Bf6 {[%clk 0:37:03]} 12. c3 {[%clk 0:25:47]} Re8 {[%clk 0:32:23]} 13.
Qd1 {[%clk 0:25:34]} Ne5 {[%clk 0:26:20]} 14. Be2 {[%clk 0:25:04]} g6 {[%clk
0:22:03]} 15. Ne1 {[%clk 0:16:47]} Bg7 {[%clk 0:19:43]} 16. Nc2 {[%clk 0:14:49]}
Qg5 {[%clk 0:11:33]} 17. Ne3 {[%clk 0:14:42]} Nc6 {[%clk 0:11:20]} 18. Nfd5
{[%clk 0:09:01]} Rac8 {[%clk 0:11:27]} 19. Bf3 {[%clk 0:09:15]} Nf6 {[%clk
0:07:08]} 20. Nxf6+ {[%clk 0:08:16]} Bxf6 {[%clk 0:07:27]} 21. Bd5 {[%clk
0:07:58]} Rf8 {[%clk 0:06:31]} 22. Qf3 {[%clk 0:07:58]} Bg7 {[%clk 0:06:38]} 23.
Bxf7+ {[%clk 0:07:17]} Kh8 {[%clk 0:07:04]} 24. Qe4 {[%clk 0:07:08]} Qe5 {[%clk
0:04:10]} 25. Qc2 {[%clk 0:06:37]} Ne7 {[%clk 0:03:57]} 26. Rae1 {[%clk 0:04:18]}
Qg5 {[%clk 0:03:33]} 27. c4 {[%clk 0:04:11]} Nf5 {[%clk 0:03:01]} 28. Bd5 {[%clk
0:04:24]} b6 {[%clk 0:02:32]} 29. Nxf5 {[%clk 0:04:19]} Bxf5 {[%clk 0:02:52]} 30.
Bxg7+ {[%clk 0:04:18]} Kxg7 {[%clk 0:03:15]} 31. Qc3+ {[%clk 0:04:44]} Kh6 {[%clk
0:02:03]} 32. Re3 {[%clk 0:03:50]} Bg4 {[%clk 0:01:26]} 33. Rfe1 {[%clk 0:03:24]}
Qf4 {[%clk 0:01:05]} 34. h3 {[%clk 0:03:43]} Bf5 {[%clk 0:01:00]} 35. Re7 {[%clk
0:03:27]} Qd4+ {[%clk 0:00:47]} 36. Qxd4 {[%clk 0:03:38]} cxd4 {[%clk 0:01:14]}
37. Rxa7 {[%clk 0:03:57]} Bd3 {[%clk 0:01:05]} 38. Ree7 {[%clk 0:02:34]} Rf1+
{[%clk 0:01:05]} 39. Kh2 {[%clk 0:03:01]} Kg5 {[%clk 0:01:13]} 40. Kg3 {[%clk
0:31:59]} Rcf8 {[%clk 0:30:41]} 41. h4+ {[%clk 0:22:59]} Kf5 {[%clk 0:26:59]} 42.
Rf7+ {[%clk 0:10:13]} Rxf7 {[%clk 0:27:09]} 43. Rxf7+ {[%clk 0:10:39]} Ke5 {[%clk
0:26:41]} 44. Rxf1 {[%clk 0:11:04]} Bxf1 {[%clk 0:27:03]} 45. a4 {[%clk 0:11:20]}
d3 {[%clk 0:24:08]} 46. b4 {[%clk 0:09:16]} Kd4 {[%clk 0:24:17]} 47. a5 {[%clk
0:09:08]} bxa5 {[%clk 0:24:17]} 48. bxa5 {[%clk 0:09:33]} Kc5 {[%clk 0:25:05]}
49. Kf4 {[%clk 0:06:37]} h6 {[%clk 0:24:26]} 50. Ke3 {[%clk 0:05:07]} Be2 {[%clk
0:24:18]} 51. Be4 {[%clk 0:04:39]} g5 {[%clk 0:24:03]} 52. hxg5 {[%clk 0:04:49]}
hxg5 {[%clk 0:24:30]} 53. Bxd3 {[%clk 0:05:08]} Bg4 {[%clk 0:24:46]} 54. Be4
{[%clk 0:04:49]} Bc8 {[%clk 0:25:00]} 55. d3 {[%clk 0:04:59]} Kb4 {[%clk
0:25:04]} 56. Kd4 {[%clk 0:05:19]} Kxa5 {[%clk 0:25:10]} 57. Kd5 {[%clk 0:05:40]}
Kb6 {[%clk 0:22:52]} 58. Kxd6 {[%clk 0:06:00]} 1-0

[Event "Women's Baku Chess Olympiad"]
[Site "chess24.com"]
[Date "2016.09.10"]
[Round "8"]
[White "Puuska, Heini"]
[Black "Roy, Ali"]
[Result "0-1"]
[Board "2"]
[WhiteID "502324"]
[WhiteElo "1926"]
[WhiteTitle "WFM"]
[WhiteCountry "FIN"]
[WhiteFideId "502324"]
[WhiteEloChange "-11"]
[BlackID "2400456"]
[BlackElo "1894"]
[BlackCountry "SCO"]
[BlackFideId "2400456"]
[BlackEloChange "11"]

1. d4 {[%clk 1:30:54]} Nf6 {[%clk 1:30:50]} 2. Nf3 {[%clk 1:31:03]} g6 {[%clk
1:31:03]} 3. Bg5 {[%clk 1:31:05]} Bg7 {[%clk 1:30:38]} 4. Nbd2 {[%clk 1:30:50]}
d5 {[%clk 1:30:24]} 5. e3 {[%clk 1:30:11]} O-O {[%clk 1:28:29]} 6. Bd3 {[%clk
1:29:11]} Nbd7 {[%clk 1:23:04]} 7. O-O {[%clk 1:27:17]} c5 {[%clk 1:22:14]} 8. c3
{[%clk 1:27:00]} b6 {[%clk 1:20:07]} 9. b4 {[%clk 1:22:06]} Bb7 {[%clk 1:16:28]}
10. bxc5 {[%clk 1:21:26]} bxc5 {[%clk 1:16:41]} 11. Qa4 {[%clk 1:17:22]} Ne4
{[%clk 1:10:36]} 12. Bf4 {[%clk 1:05:43]} h6 {[%clk 0:45:24]} 13. Qb5 {[%clk
0:51:35]} Qc8 {[%clk 0:42:11]} 14. Bxe4 {[%clk 0:45:47]} dxe4 {[%clk 0:42:13]}
15. Ne5 {[%clk 0:43:17]} Nxe5 {[%clk 0:41:44]} 16. Bxe5 {[%clk 0:41:36]} Ba6
{[%clk 0:38:51]} 17. Qb3 {[%clk 0:35:02]} Bxe5 {[%clk 0:37:32]} 18. dxe5 {[%clk
0:34:42]} Bxf1 {[%clk 0:37:56]} 19. Rxf1 {[%clk 0:34:28]} Qf5 {[%clk 0:31:39]}
20. Nc4 {[%clk 0:30:29]} Qe6 {[%clk 0:26:54]} 21. Qa4 {[%clk 0:30:02]} Rfd8
{[%clk 0:26:16]} 22. f3 {[%clk 0:29:22]} Rd3 {[%clk 0:25:18]} 23. Rc1 {[%clk
0:26:30]} Qd5 {[%clk 0:23:56]} 24. f4 {[%clk 0:24:05]} Rd8 {[%clk 0:23:43]} 25.
Kf2 {[%clk 0:21:32]} Rd2+ {[%clk 0:22:28]} 26. Kg3 {[%clk 0:21:41]} Re2 {[%clk
0:21:06]} 27. Rf1 {[%clk 0:10:41]} Qd3 {[%clk 0:15:45]} 28. h3 {[%clk 0:10:02]}
Rc2 {[%clk 0:14:23]} 29. e6 {[%clk 0:06:11]} f6 {[%clk 0:10:45]} 30. Rf2 {[%clk
0:03:34]} Rxc3 {[%clk 0:10:29]} 31. Rd2 {[%clk 0:03:38]} Rxc4 {[%clk 0:05:45]}
32. Rxd3 {[%clk 0:03:41]} Rxa4 {[%clk 0:06:01]} 33. Rxd8+ {[%clk 0:04:00]} Kg7
{[%clk 0:06:27]} 34. Rd7 {[%clk 0:02:59]} f5 {[%clk 0:05:28]} 35. Rxe7+ {[%clk
0:02:50]} Kf6 {[%clk 0:05:31]} 36. Rc7 {[%clk 0:02:40]} Rxa2 {[%clk 0:02:23]} 37.
e7 {[%clk 0:01:45]} Kf7 {[%clk 0:02:49]} 38. Rxc5 {[%clk 0:01:40]} a5 {[%clk
0:00:50]} 39. Rc6 {[%clk 0:00:55]} Re2 {[%clk 0:00:41]} 40. Rc3 {[%clk 0:30:57]}
Rd2 {[%clk 0:30:35]} 41. Ra3 {[%clk 0:25:03]} Rd3 {[%clk 0:27:06]} 42. e8Q+
{[%clk 0:24:23]} Kxe8 {[%clk 0:27:33]} 43. Rxa5 {[%clk 0:24:45]} Rxe3+ {[%clk
0:26:19]} 44. Kf2 {[%clk 0:24:45]} Rd3 {[%clk 0:26:41]} 45. Ra6 {[%clk 0:22:23]}
Kf7 {[%clk 0:26:20]} 46. Ra7+ {[%clk 0:22:40]} Ke6 {[%clk 0:26:24]} 47. Ke2
{[%clk 0:20:29]} g5 {[%clk 0:20:46]} 48. fxg5 {[%clk 0:19:26]} hxg5 {[%clk
0:21:09]} 49. Rg7 {[%clk 0:17:18]} Kf6 {[%clk 0:18:36]} 50. Rg8 {[%clk 0:16:52]}
Rc3 {[%clk 0:15:50]} 51. Rf8+ {[%clk 0:16:04]} Ke5 {[%clk 0:16:00]} 52. g4 {[%clk
0:13:20]} f4 {[%clk 0:11:11]} 53. Rf5+ {[%clk 0:13:40]} Kd4 {[%clk 0:11:25]} 54.
Rxg5 {[%clk 0:14:00]} Rxh3 {[%clk 0:10:53]} 55. Ra5 {[%clk 0:13:21]} Rh2+ {[%clk
0:10:56]} 56. Ke1 {[%clk 0:13:28]} f3 {[%clk 0:10:12]} 57. g5 {[%clk 0:12:44]} e3
{[%clk 0:07:53]} 58. Ra4+ {[%clk 0:13:09]} Ke5 {[%clk 0:08:11]} 59. Kd1 {[%clk
0:11:47]} Rh1+ {[%clk 0:08:27]} 60. Kc2 {[%clk 0:12:13]} f2 {[%clk 0:08:35]} 0-1

[Event "Women's Baku Chess Olympiad"]
[Site "chess24.com"]
[Date "2016.09.10"]
[Round "8"]
[White "Espinosa Cancino, Monica"]
[Black "Rinne, Heini"]
[Result "1/2-1/2"]
[Board "3"]
[WhiteID "22253025"]
[WhiteElo "1679"]
[WhiteCountry "SCO"]
[WhiteFideId "22253025"]
[WhiteEloChange "2"]
[BlackID "513423"]
[BlackElo "1751"]
[BlackCountry "FIN"]
[BlackFideId "513423"]
[BlackEloChange "-2"]

1. d4 {[%clk 1:30:52]} f5 {[%clk 1:28:44]} 2. Bg5 {[%clk 1:31:11]} Nf6 {[%clk
1:27:19]} 3. Bxf6 {[%clk 1:30:46]} exf6 {[%clk 1:27:22]} 4. e3 {[%clk 1:29:55]}
d5 {[%clk 1:22:27]} 5. c4 {[%clk 1:24:06]} c6 {[%clk 1:14:58]} 6. Nc3 {[%clk
1:19:19]} Bb4 {[%clk 1:01:17]} 7. Qb3 {[%clk 1:12:17]} Qa5 {[%clk 0:55:08]} 8.
Rc1 {[%clk 1:06:22]} Be6 {[%clk 0:51:35]} 9. a3 {[%clk 1:00:20]} Bxc3+ {[%clk
0:51:11]} 10. Rxc3 {[%clk 0:55:22]} Qb6 {[%clk 0:49:34]} 11. Qxb6 {[%clk
0:52:30]} axb6 {[%clk 0:49:58]} 12. cxd5 {[%clk 0:52:08]} Bxd5 {[%clk 0:49:52]}
13. Ne2 {[%clk 0:51:02]} Nd7 {[%clk 0:44:14]} 14. Nf4 {[%clk 0:44:18]} Bf7 {[%clk
0:43:21]} 15. Bd3 {[%clk 0:43:59]} g6 {[%clk 0:43:21]} 16. h4 {[%clk 0:39:34]} h5
{[%clk 0:37:58]} 17. Kd2 {[%clk 0:30:02]} O-O {[%clk 0:31:18]} 18. Rh3 {[%clk
0:25:18]} b5 {[%clk 0:25:46]} 19. Rg3 {[%clk 0:22:11]} Kh7 {[%clk 0:26:03]} 20.
Nxh5 {[%clk 0:17:15]} Kh6 {[%clk 0:19:52]} 21. Nf4 {[%clk 0:17:34]} Nb6 {[%clk
0:19:27]} 22. Kc1 {[%clk 0:13:37]} Rfe8 {[%clk 0:11:25]} 23. Rh3 {[%clk 0:10:02]}
Nc4 {[%clk 0:11:10]} 24. Ne2 {[%clk 0:09:09]} Bd5 {[%clk 0:09:11]} 25. Rh2 {[%clk
0:08:13]} Nd6 {[%clk 0:07:56]} 26. Ng3 {[%clk 0:07:14]} Be4 {[%clk 0:04:22]} 27.
Nxe4 {[%clk 0:06:22]} fxe4 {[%clk 0:04:06]} 28. Be2 {[%clk 0:06:13]} f5 {[%clk
0:03:38]} 29. Kb1 {[%clk 0:04:17]} Rf8 {[%clk 0:03:59]} 30. g3 {[%clk 0:03:22]}
Rfc8 {[%clk 0:03:45]} 31. Rc1 {[%clk 0:03:19]} Ra4 {[%clk 0:02:01]} 32. Rc3
{[%clk 0:02:25]} b4 {[%clk 0:02:02]} 33. Rb3 {[%clk 0:02:31]} bxa3 {[%clk
0:02:19]} 34. bxa3 {[%clk 0:02:54]} Rca8 {[%clk 0:02:31]} 35. Kb2 {[%clk
0:02:30]} b5 {[%clk 0:02:47]} 36. Rh1 {[%clk 0:01:46]} b4 {[%clk 0:01:43]} 37.
Ra1 {[%clk 0:01:38]} bxa3+ {[%clk 0:01:02]} 38. Raxa3 {[%clk 0:01:56]} Rxa3
{[%clk 0:00:57]} 39. Rxa3 {[%clk 0:02:24]} Rb8+ {[%clk 0:01:15]} 40. Kc2 {[%clk
0:32:17]} Rb6 {[%clk 0:31:27]} 41. Ra6 {[%clk 0:27:12]} Rxa6 {[%clk 0:28:39]} 42.
Bxa6 {[%clk 0:27:38]} g5 {[%clk 0:28:06]} 43. hxg5+ {[%clk 0:27:37]} Kxg5 {[%clk
0:28:28]} 44. Be2 {[%clk 0:26:48]} Kf6 {[%clk 0:27:23]} 45. Kb3 {[%clk 0:20:44]}
Ke6 {[%clk 0:19:23]} 46. g4 {[%clk 0:17:20]} fxg4 {[%clk 0:19:07]} 47. Bxg4+
{[%clk 0:17:41]} Kd5 {[%clk 0:18:40]} 48. Be2 {[%clk 0:11:17]} c5 {[%clk
0:18:46]} 49. dxc5 {[%clk 0:11:04]} Kxc5 {[%clk 0:19:09]} 50. Kc3 {[%clk
0:10:59]} Kd5 {[%clk 0:19:28]} 51. Ba6 {[%clk 0:09:31]} Ke5 {[%clk 0:19:39]} 52.
Kd2 {[%clk 0:09:38]} Kd5 {[%clk 0:18:27]} 53. Ke2 {[%clk 0:09:01]} Ke5 {[%clk
0:18:55]} 54. Kf1 {[%clk 0:08:43]} Ne8 {[%clk 0:17:02]} 55. Be2 {[%clk 0:08:34]}
Nd6 {[%clk 0:17:26]} 56. Kg2 {[%clk 0:08:16]} Nf7 {[%clk 0:16:58]} 57. Kg3 {[%clk
0:08:19]} Nd6 {[%clk 0:17:21]} 58. f3 {[%clk 0:07:33]} exf3 {[%clk 0:17:47]} 59.
Kxf3 {[%clk 0:07:48]} Nf5 {[%clk 0:18:08]} 60. e4 {[%clk 0:07:52]} Nd6 {[%clk
0:18:31]} 61. Bd3 {[%clk 0:08:03]} Nxe4 {[%clk 0:18:51]} 1/2-1/2

[Event "Women's Baku Chess Olympiad"]
[Site "chess24.com"]
[Date "2016.09.10"]
[Round "8"]
[White "Walta, Paivi"]
[Black "Rutherford, Kathleen"]
[Result "1-0"]
[Board "4"]
[WhiteID "504513"]
[WhiteElo "1735"]
[WhiteTitle "WFM"]
[WhiteCountry "FIN"]
[WhiteFideId "504513"]
[WhiteEloChange "7"]
[BlackID "2404117"]
[BlackElo "1643"]
[BlackCountry "SCO"]
[BlackFideId "2404117"]
[BlackEloChange "-7"]

1. e4 {[%clk 1:30:54]} d5 {[%clk 1:30:53]} 2. exd5 {[%clk 1:31:20]} Qxd5 {[%clk
1:31:20]} 3. Nf3 {[%clk 1:31:27]} Bg4 {[%clk 1:31:44]} 4. Be2 {[%clk 1:31:42]}
Nc6 {[%clk 1:32:07]} 5. d4 {[%clk 1:30:42]} O-O-O {[%clk 1:30:39]} 6. Be3 {[%clk
1:30:12]} e5 {[%clk 1:25:40]} 7. c4 {[%clk 1:22:04]} Bb4+ {[%clk 1:19:05]} 8.
Nbd2 {[%clk 1:21:44]} Qd7 {[%clk 1:12:01]} 9. d5 {[%clk 1:19:23]} Bxf3 {[%clk
1:06:23]} 10. Bxf3 {[%clk 1:19:38]} Nd4 {[%clk 1:02:31]} 11. O-O {[%clk 1:17:11]}
Nxf3+ {[%clk 1:00:11]} 12. Nxf3 {[%clk 1:17:33]} e4 {[%clk 0:57:39]} 13. Nd4
{[%clk 1:10:59]} Ne7 {[%clk 0:53:06]} 14. a3 {[%clk 1:10:48]} Bd6 {[%clk
0:52:26]} 15. b4 {[%clk 1:09:46]} Kb8 {[%clk 0:47:37]} 16. Ra2 {[%clk 1:08:14]}
c6 {[%clk 0:44:05]} 17. dxc6 {[%clk 1:00:34]} Nxc6 {[%clk 0:42:40]} 18. Nxc6+
{[%clk 0:59:56]} Qxc6 {[%clk 0:41:52]} 19. Qc1 {[%clk 1:00:05]} h6 {[%clk
0:37:02]} 20. b5 {[%clk 0:59:30]} Qe8 {[%clk 0:30:09]} 21. c5 {[%clk 0:59:07]}
Rc8 {[%clk 0:29:51]} 22. Rc2 {[%clk 0:58:38]} Be5 {[%clk 0:25:08]} 23. a4 {[%clk
0:58:27]} f5 {[%clk 0:23:59]} 24. c6 {[%clk 0:44:32]} g5 {[%clk 0:20:03]} 25. Rd1
{[%clk 0:33:50]} Qh5 {[%clk 0:18:22]} 26. g3 {[%clk 0:33:15]} f4 {[%clk 0:13:50]}
27. Bd4 {[%clk 0:28:50]} Bxd4 {[%clk 0:10:46]} 28. Rxd4 {[%clk 0:29:11]} f3
{[%clk 0:05:19]} 29. Rxe4 {[%clk 0:28:29]} Qh3 {[%clk 0:05:08]} 30. Qf1 {[%clk
0:28:49]} Qf5 {[%clk 0:03:24]} 31. Rcc4 {[%clk 0:28:38]} h5 {[%clk 0:03:06]} 32.
h3 {[%clk 0:15:05]} Rh6 {[%clk 0:02:11]} 33. c7+ {[%clk 0:12:08]} Rxc7 {[%clk
0:01:54]} 34. Re8+ {[%clk 0:12:30]} Rc8 {[%clk 0:02:01]} 35. Rexc8+ {[%clk
0:12:44]} Qxc8 {[%clk 0:02:23]} 36. Rxc8+ {[%clk 0:13:10]} Kxc8 {[%clk 0:02:45]}
37. Qc1+ {[%clk 0:13:25]} 1-0

[Event "Women's Baku Chess Olympiad"]
[Site "chess24.com"]
[Date "2016.09.10"]
[Round "8"]
[White "Mona, Khaled"]
[Black "Rodriguez Arrieta, Maria Elena"]
[Result "1/2-1/2"]
[Board "1"]
[WhiteID "10605908"]
[WhiteElo "2175"]
[WhiteTitle "WGM"]
[WhiteCountry "EGY"]
[WhiteFideId "10605908"]
[WhiteEloChange "-7"]
[BlackID "6502911"]
[BlackElo "1903"]
[BlackTitle "WIM"]
[BlackCountry "CRC"]
[BlackFideId "6502911"]
[BlackEloChange "7"]

1. d4 {[%clk 1:30:46]} Nf6 {[%clk 1:30:54]} 2. Nf3 {[%clk 1:31:09]} c5 {[%clk
1:31:20]} 3. e3 {[%clk 1:31:35]} g6 {[%clk 1:31:07]} 4. c4 {[%clk 1:30:44]} Bg7
{[%clk 1:31:09]} 5. Nc3 {[%clk 1:31:03]} O-O {[%clk 1:31:26]} 6. Be2 {[%clk
1:31:21]} cxd4 {[%clk 1:30:48]} 7. exd4 {[%clk 1:31:45]} d5 {[%clk 1:31:11]} 8.
O-O {[%clk 1:31:47]} Nc6 {[%clk 1:27:49]} 9. h3 {[%clk 1:22:10]} dxc4 {[%clk
1:21:10]} 10. Bxc4 {[%clk 1:22:24]} Na5 {[%clk 1:21:36]} 11. Be2 {[%clk 1:22:03]}
b6 {[%clk 1:21:03]} 12. Rb1 {[%clk 1:07:45]} Bf5 {[%clk 1:15:45]} 13. Bd3 {[%clk
1:06:15]} Bxd3 {[%clk 1:16:03]} 14. Qxd3 {[%clk 1:06:39]} Nd5 {[%clk 1:16:29]}
15. Re1 {[%clk 1:01:18]} Nxc3 {[%clk 1:03:43]} 16. bxc3 {[%clk 1:00:18]} Rc8
{[%clk 1:04:08]} 17. Bg5 {[%clk 0:53:18]} Re8 {[%clk 1:03:38]} 18. Rbc1 {[%clk
0:52:21]} h6 {[%clk 0:51:57]} 19. Bh4 {[%clk 0:50:36]} Nc4 {[%clk 0:51:27]} 20.
Nd2 {[%clk 0:49:50]} Nxd2 {[%clk 0:50:29]} 21. Qxd2 {[%clk 0:50:14]} Rc4 {[%clk
0:50:50]} 22. Qd3 {[%clk 0:48:42]} b5 {[%clk 0:49:57]} 23. a4 {[%clk 0:48:40]} a6
{[%clk 0:50:22]} 24. axb5 {[%clk 0:49:06]} axb5 {[%clk 0:50:44]} 25. Rb1 {[%clk
0:48:41]} Qd7 {[%clk 0:51:03]} 26. Bg3 {[%clk 0:43:09]} Rec8 {[%clk 0:49:22]} 27.
Rb3 {[%clk 0:40:56]} e6 {[%clk 0:45:10]} 28. Be5 {[%clk 0:33:58]} Qc6 {[%clk
0:45:11]} 29. Re3 {[%clk 0:27:22]} Qa6 {[%clk 0:40:58]} 30. Qd2 {[%clk 0:22:43]}
Ra8 {[%clk 0:27:35]} 31. Bxg7 {[%clk 0:18:22]} Kxg7 {[%clk 0:27:59]} 32. Re5
{[%clk 0:18:24]} Qa1+ {[%clk 0:28:05]} 33. Kh2 {[%clk 0:18:32]} Rac8 {[%clk
0:20:10]} 34. Rexb5 {[%clk 0:12:52]} Rxc3 {[%clk 0:20:26]} 35. Rb1 {[%clk
0:12:52]} Qa3 {[%clk 0:18:29]} 36. Qf4 {[%clk 0:12:45]} Qe7 {[%clk 0:18:09]} 37.
Rb7 {[%clk 0:06:47]} R3c7 {[%clk 0:18:32]} 38. Rb8 {[%clk 0:05:34]} Qf6 {[%clk
0:14:26]} 39. Qe5 {[%clk 0:03:32]} Qxe5+ {[%clk 0:13:52]} 40. dxe5 {[%clk
0:33:55]} Rxb8 {[%clk 0:44:14]} 41. Rxb8 {[%clk 0:34:20]} 1/2-1/2

[Event "Women's Baku Chess Olympiad"]
[Site "chess24.com"]
[Date "2016.09.10"]
[Round "8"]
[White "Ramirez Gonzalez, Maria Jose"]
[Black "Wafa, Shrook"]
[Result "0-1"]
[Board "2"]
[WhiteID "6503349"]
[WhiteElo "1859"]
[WhiteCountry "CRC"]
[WhiteFideId "6503349"]
[WhiteEloChange "-4"]
[BlackID "10609970"]
[BlackElo "2106"]
[BlackTitle "WGM"]
[BlackCountry "EGY"]
[BlackFideId "10609970"]
[BlackEloChange "4"]

1. d4 {[%clk 1:30:56]} Nf6 {[%clk 1:30:52]} 2. Bf4 {[%clk 1:31:22]} e6 {[%clk
1:30:59]} 3. e3 {[%clk 1:31:30]} d5 {[%clk 1:31:06]} 4. Nf3 {[%clk 1:31:55]} Bd6
{[%clk 1:30:59]} 5. Bg3 {[%clk 1:32:12]} O-O {[%clk 1:31:10]} 6. Nbd2 {[%clk
1:32:34]} b6 {[%clk 1:29:56]} 7. Bd3 {[%clk 1:32:20]} c5 {[%clk 1:29:38]} 8. c3
{[%clk 1:32:44]} Bb7 {[%clk 1:29:25]} 9. Ne5 {[%clk 1:31:10]} Qc7 {[%clk
1:27:32]} 10. O-O {[%clk 1:30:41]} Ne4 {[%clk 1:21:45]} 11. Bxe4 {[%clk 1:22:27]}
dxe4 {[%clk 1:21:51]} 12. Ndc4 {[%clk 1:21:29]} Bxe5 {[%clk 1:17:34]} 13. Bxe5
{[%clk 1:08:46]} Qc6 {[%clk 1:13:33]} 14. dxc5 {[%clk 1:00:53]} Ba6 {[%clk
1:07:35]} 15. b3 {[%clk 0:35:41]} Bxc4 {[%clk 1:05:57]} 16. bxc4 {[%clk 0:36:10]}
Nd7 {[%clk 1:03:09]} 17. Qd6 {[%clk 0:27:29]} Qxc5 {[%clk 0:57:36]} 18. Qxc5
{[%clk 0:27:35]} Nxc5 {[%clk 0:53:22]} 19. Rad1 {[%clk 0:26:10]} Nd3 {[%clk
0:50:44]} 20. f3 {[%clk 0:25:25]} 0-1

[Event "Women's Baku Chess Olympiad"]
[Site "chess24.com"]
[Date "2016.09.10"]
[Round "8"]
[White "Wafa, Shahenda"]
[Black "Nunez Gonzalez, Neeshmy"]
[Result "1/2-1/2"]
[Board "3"]
[WhiteID "10609962"]
[WhiteElo "2113"]
[WhiteTitle "WIM"]
[WhiteCountry "EGY"]
[WhiteFideId "10609962"]
[WhiteEloChange "-7"]
[BlackID "6504396"]
[BlackElo "1833"]
[BlackCountry "CRC"]
[BlackFideId "6504396"]
[BlackEloChange "7"]

1. e4 {[%clk 1:30:57]} d5 {[%clk 1:30:46]} 2. exd5 {[%clk 1:31:18]} Qxd5 {[%clk
1:31:10]} 3. Nc3 {[%clk 1:31:41]} Qa5 {[%clk 1:31:01]} 4. d4 {[%clk 1:31:19]} Nf6
{[%clk 1:30:43]} 5. Nf3 {[%clk 1:27:17]} Bf5 {[%clk 1:29:46]} 6. Bd3 {[%clk
1:24:19]} Bxd3 {[%clk 1:24:04]} 7. Qxd3 {[%clk 1:24:40]} e6 {[%clk 1:22:55]} 8.
O-O {[%clk 1:24:29]} c6 {[%clk 1:20:11]} 9. Ne5 {[%clk 1:21:18]} Nbd7 {[%clk
1:15:13]} 10. Nxd7 {[%clk 1:17:10]} Kxd7 {[%clk 1:09:09]} 11. Bf4 {[%clk
1:13:59]} Rd8 {[%clk 0:59:40]} 12. a3 {[%clk 1:08:50]} Qf5 {[%clk 0:49:01]} 13.
Qxf5 {[%clk 0:57:16]} exf5 {[%clk 0:49:26]} 14. Rad1 {[%clk 0:53:54]} Nd5 {[%clk
0:28:20]} 15. Nxd5 {[%clk 0:50:50]} cxd5 {[%clk 0:28:46]} 16. Rfe1 {[%clk
0:50:40]} f6 {[%clk 0:20:23]} 17. h4 {[%clk 0:48:18]} Be7 {[%clk 0:18:18]} 18.
Rd3 {[%clk 0:48:00]} Rhe8 {[%clk 0:15:27]} 19. Kf1 {[%clk 0:47:00]} Bf8 {[%clk
0:14:54]} 20. f3 {[%clk 0:41:13]} Rc8 {[%clk 0:14:09]} 21. c3 {[%clk 0:39:43]}
Rxe1+ {[%clk 0:13:48]} 22. Kxe1 {[%clk 0:40:12]} Re8+ {[%clk 0:14:10]} 23. Kf2
{[%clk 0:39:47]} Re6 {[%clk 0:13:10]} 24. Re3 {[%clk 0:37:16]} Be7 {[%clk
0:10:28]} 25. Rxe6 {[%clk 0:33:40]} Kxe6 {[%clk 0:10:53]} 26. Ke2 {[%clk
0:33:44]} h5 {[%clk 0:08:41]} 27. Kd3 {[%clk 0:33:27]} b5 {[%clk 0:07:04]} 28.
Bb8 {[%clk 0:29:19]} a6 {[%clk 0:04:32]} 29. Bf4 {[%clk 0:28:19]} g5 {[%clk
0:03:34]} 30. Bc1 {[%clk 0:26:35]} Bd8 {[%clk 0:03:34]} 1/2-1/2

[Event "Women's Baku Chess Olympiad"]
[Site "chess24.com"]
[Date "2016.09.10"]
[Round "8"]
[White "Morera Campos, Hazel Maria"]
[Black "Elansary, Eman"]
[Result "0-1"]
[Board "4"]
[WhiteID "6505910"]
[WhiteElo "1822"]
[WhiteTitle "WFM"]
[WhiteCountry "CRC"]
[WhiteFideId "6505910"]
[WhiteEloChange "-6"]
[BlackID "10606700"]
[BlackElo "1949"]
[BlackTitle "WIM"]
[BlackCountry "EGY"]
[BlackFideId "10606700"]
[BlackEloChange "6"]

1. e4 {[%clk 1:29:52]} Nf6 {[%clk 1:30:48]} 2. e5 {[%clk 1:30:13]} Nd5 {[%clk
1:31:13]} 3. c4 {[%clk 1:30:32]} Nb6 {[%clk 1:31:25]} 4. d4 {[%clk 1:30:33]} d6
{[%clk 1:31:33]} 5. exd6 {[%clk 1:30:49]} cxd6 {[%clk 1:31:07]} 6. Nc3 {[%clk
1:30:53]} g6 {[%clk 1:31:36]} 7. Be3 {[%clk 1:29:56]} Bg7 {[%clk 1:31:53]} 8. b3
{[%clk 1:28:34]} Nc6 {[%clk 1:27:52]} 9. Rc1 {[%clk 1:27:26]} O-O {[%clk
1:27:58]} 10. Be2 {[%clk 1:27:07]} e5 {[%clk 1:22:57]} 11. d5 {[%clk 1:08:15]}
Ne7 {[%clk 1:20:27]} 12. Qd2 {[%clk 0:55:02]} Nf5 {[%clk 1:18:05]} 13. Bg5 {[%clk
0:52:16]} f6 {[%clk 1:17:23]} 14. Be3 {[%clk 0:50:43]} Nxe3 {[%clk 1:16:15]} 15.
Qxe3 {[%clk 0:48:43]} f5 {[%clk 1:14:29]} 16. h4 {[%clk 0:45:34]} h6 {[%clk
1:00:59]} 17. h5 {[%clk 0:37:02]} g5 {[%clk 1:00:38]} 18. Nf3 {[%clk 0:34:52]}
Nd7 {[%clk 0:54:49]} 19. Nb5 {[%clk 0:28:34]} Nf6 {[%clk 0:40:41]} 20. Nxg5
{[%clk 0:22:29]} hxg5 {[%clk 0:32:25]} 21. h6 {[%clk 0:22:46]} Bh8 {[%clk
0:29:05]} 22. Qxg5+ {[%clk 0:20:48]} Kh7 {[%clk 0:27:37]} 23. Kf1 {[%clk
0:14:36]} a6 {[%clk 0:20:51]} 24. Nc3 {[%clk 0:13:49]} Rg8 {[%clk 0:20:28]} 25.
Qe3 {[%clk 0:13:29]} Ng4 {[%clk 0:16:50]} 26. Bxg4 {[%clk 0:08:55]} Rxg4 {[%clk
0:16:48]} 27. c5 {[%clk 0:06:11]} Bf6 {[%clk 0:13:25]} 28. cxd6 {[%clk 0:04:18]}
Bg5 {[%clk 0:09:08]} 29. Qxe5 {[%clk 0:00:42]} Bxc1 {[%clk 0:09:20]} 30. Ne2
{[%clk 0:00:36]} Ba3 {[%clk 0:08:34]} 31. f3 {[%clk 0:00:36]} Bxd6 {[%clk
0:08:19]} 32. Qb2 {[%clk 0:00:37]} Rg6 {[%clk 0:08:28]} 33. Qc2 {[%clk 0:00:33]}
Bd7 {[%clk 0:08:17]} 0-1